| 000 | 00560nam a22002177a 4500 | ||
|---|---|---|---|
| 003 | OSt | ||
| 005 | 20240617124658.0 | ||
| 008 | 240617b |||||||| |||| 00| 0 eng d | ||
| 020 | _a082645853x | ||
| 020 | _a0826458548 | ||
| 040 |
_aMUST LIB _bMUST _cMUST |
||
| 082 | _a519 LUC 2002 | ||
| 100 |
_aLucey, Terry _95279 |
||
| 245 | _aQuantitative Techniques / | ||
| 250 | _a6th | ||
| 260 |
_aNew York _bContinuum _c2002 |
||
| 300 |
_aviii, 558p. _bill:, _c24cm. |
||
| 500 | _aIncludes Indexes, | ||
| 650 |
_acomputer statistics, _917349 |
||
| 942 |
_2ddc _cO_SHELF |
||
| 999 |
_c8544 _d8544 |
||